书目信息 |
| 题名: |
测试技术
|
|
| 作者: | 周剑英 , 贾民平 , 张洪亭 主编 | |
| 分册: | ||
| 出版信息: | 北京 高等教育出版社 2001 |
|
| 页数: | 280页 | |
| 开本: | 26cm | |
| 丛书名: | ||
| 单 册: | ||
| 中图分类: | TN06 | |
| 科图分类: | ||
| 主题词: | 无线电技术--测试装置 , 通信技术--测试装置 , 通信技术--测试技术 , 无线电技术--测试技术 | |
| 电子资源: | ||
| ISBN: | 7-04-010167-X | |
| 000 | 00755nam0 2200241 450 | |
| 001 | 0735592734 | |
| 005 | 20070906095312.73 | |
| 010 | @a7-04-010167-X@d¥20.90 | |
| 100 | @a20070906d km y0chiy0120 ea | |
| 101 | 0 | @achi |
| 200 | 1 | @a测试技术@Ace shi ji shu@f贾民平,张洪亭,周剑英主编@Fjia min ping,zhang hong ting,zhou jian ying zhu bian |
| 210 | @a北京@c高等教育出版社@d2001 | |
| 215 | @a280页@d26cm | |
| 606 | 0 | @a无线电技术@x测试装置 |
| 606 | 0 | @a通信技术@x测试装置 |
| 606 | 0 | @a通信技术@x测试技术 |
| 606 | 0 | @a无线电技术@x测试技术 |
| 690 | @aTN06@v3 | |
| 701 | 0 | @a周剑英@Azhou jian ying@4主编 |
| 701 | 0 | @a贾民平@Ajia min ping@4主编 |
| 701 | 0 | @a张洪亭@Azhang hong ting@4主编 |
| 801 | 0 | @aCN@bPFT@c20070906 |
| 905 | @a213230@dTN06@eP15@f1 | |
| 测试技术/贾民平,张洪亭,周剑英主编.-北京:高等教育出版社,2001 |
| 280页;26cm |
| ISBN 7-04-010167-X:¥20.90 |
| ● |
| 相关链接 |
|
|
|
|
正题名:测试技术
索取号:TN06/P15
 
预约/预借
| 序号 | 登录号 | 条形码 | 馆藏地/架位号 | 状态 | 备注 |
| 1 | 7201624 | 272016249 | 物理系资料室/ [索取号:TN06/P15] | 在馆 |